000 00304nam a22001337a 4500
003 SGT
082 _a616.5
_bI12V
100 _aVISWANTH, VISHALAKSHI
245 _aI A D V L CONCISE TB OF DERMATOLOGY
260 _aINDIA
_bWILEY
_c2012
300 _a424
650 _aDERMATOLOGY
942 _2ddc
_cBK
_01
999 _c14624
_d14624